[Event "Women's Speed Chess Q8"]
[Site "chess.com INT"]
[Date "2021.06.06"]
[Round "8"]
[White "Morris-Suzuki, Sophie"]
[Black "Yu, Jennifer"]
[Result "1-0"]
[WhiteTitle "WFM"]
[BlackTitle "FM"]
[WhiteElo "2043"]
[BlackElo "2316"]
[WhiteFideId "30922615"]
[BlackFideId "2078341"]
[EventDate "2021.06.06"]

1. e4 e5 2. Nf3 Nc6 3. Bc4 Bc5 4. O-O Nf6 5. d4 Bxd4 6. Nxd4 Nxd4 7. Bg5 h6 8.
Bh4 Qe7 9. f4 d6 10. c3 Ne6 11. f5 Nc5 12. Nd2 a6 13. b4 Ncd7 14. Bd3 b6 15. Nc4
Bb7 16. Ne3 g5 17. fxg6 fxg6 18. Nd5 Bxd5 19. exd5 g5 20. Bg6+ Kd8 21. Bg3 h5
22. Qd2 h4 23. Bf2 Rg8 24. Bf5 Nh5 25. Be6 Rg7 26. c4 Nf4 27. Bg4 Nf6 28. Bf5
Qf7 29. Rad1 Qh5 30. Be3 a5 31. c5 bxc5 32. bxc5 N4xd5 33. cxd6 cxd6 34. Be6
Nxe3 35. Qxe3 Ne8 36. Qxe5 Qg6 37. Qd5 Raa7 38. Bf5 Qf6 39. Rfe1 1-0

[Event "Women's Speed Chess Q8"]
[Site "chess.com INT"]
[Date "2021.06.06"]
[Round "8"]
[White "Sviridova, Vlada"]
[Black "Linares Napoles, Oleiny"]
[Result "1-0"]
[WhiteTitle "WFM"]
[BlackTitle "WGM"]
[WhiteElo "2144"]
[BlackElo "2255"]
[WhiteFideId "24109606"]
[BlackFideId "3504794"]
[EventDate "2021.06.06"]

1. d4 Nf6 2. c4 g6 3. Nc3 Bg7 4. e4 d6 5. Nf3 O-O 6. Be2 Na6 7. O-O e5 8. Be3
Ng4 9. Bg5 Qe8 10. h3 h6 11. Bc1 Nf6 12. dxe5 dxe5 13. Be3 Qe7 14. a3 c6 15. b4
Nh5 16. c5 Rd8 17. Qc1 Nf4 18. Bc4 Nc7 19. Rd1 Be6 20. Bf1 Qf6 21. Nh2 g5 22.
Qc2 h5 23. Rxd8+ Rxd8 24. Rd1 g4 25. hxg4 hxg4 26. Ne2 Nb5 27. Rxd8+ Qxd8 28.
Bxf4 exf4 29. Nxf4 Nd4 30. Qd3 Bc8 31. g3 Qg5 32. Qe3 Bd7 33. Bc4 b5 34. cxb6
axb6 35. Kg2 1-0

[Event "Women's Speed Chess Q8"]
[Site "chess.com INT"]
[Date "2021.06.06"]
[Round "8"]
[White "Eswaran, Aksithi"]
[Black "Tsatsalashvili, Keti"]
[Result "1-0"]
[WhiteTitle "WCM"]
[BlackTitle "WGM"]
[WhiteElo "1745"]
[BlackElo "2331"]
[WhiteFideId "2083485"]
[BlackFideId "13603434"]
[EventDate "2021.06.06"]

1. e4 c5 2. Nf3 d6 3. d4 cxd4 4. Nxd4 Nf6 5. Nc3 Nc6 6. Be2 e5 7. Nb3 Be7 8. Be3
O-O 9. O-O Be6 10. f3 d5 11. exd5 Nxd5 12. Nxd5 Qxd5 13. Qxd5 Bxd5 14. c4 Be6
15. Rac1 Rfd8 16. Rfd1 a6 17. Nc5 Bxc5 18. Bxc5 Nd4 19. Bxd4 Rxd4 20. Rxd4 exd4
21. Bd3 Rc8 22. b3 Kf8 23. Rd1 Rd8 24. Be4 b6 25. Kf2 Ke7 26. Ke2 h6 27. g3 a5
28. Kd3 Rd7 29. Re1 Kf6 30. f4 g5 31. f5 Bxf5 32. Rf1 Re7 33. Rxf5+ Kg7 34. Kxd4
Rd7+ 35. Rd5 Re7 36. a3 Rc7 37. b4 axb4 38. axb4 Ra7 39. Rd6 Ra2 40. Rxb6 Rd2+
41. Kc5 Rxh2 42. Kb5 Re2 43. Bd5 Re3 44. Rb7 Rxg3 45. Rxf7+ Kg6 46. c5 Rd3 47.
Bc4 Rd8 48. c6 g4 49. Rf1 Kg5 50. c7 Rc8 51. Kc6 g3 52. Kd7 Rxc7+ 53. Kxc7 h5
54. Bd5 h4 55. Bg2 Kg4 56. Rh1 Kf4 57. b5 Ke3 58. Rxh4 Kf2 59. Bc6 Kg1 60. b6
Kf2 61. b7 Kg1 62. b8=Q g2 63. Bxg2 Kxg2 64. Qg8+ 1-0

[Event "Women's Speed Chess Q8"]
[Site "chess.com INT"]
[Date "2021.06.06"]
[Round "8"]
[White "Pavlidou, Ekaterini"]
[Black "Mkrtchian, Lilit"]
[Result "0-1"]
[WhiteTitle "WIM"]
[BlackTitle "IM"]
[WhiteElo "2157"]
[BlackElo "2388"]
[WhiteFideId "4213262"]
[BlackFideId "13300601"]
[EventDate "2021.06.06"]

1. d4 Nf6 2. c4 c6 3. Nf3 d5 4. g3 dxc4 5. Bg2 g6 6. O-O Ne4 7. Qc2 Nd6 8. e4
Bg7 9. h4 O-O 10. h5 Nd7 11. Na3 Nb6 12. h6 Bh8 13. Bf4 Bg4 14. Ne5 Be6 15. Rad1
f6 16. Nf3 Nf7 17. Rfe1 g5 18. Bc1 Nxh6 19. d5 cxd5 20. exd5 Bf5 21. Qe2 Bd3 22.
Qe6+ Nf7 23. Nd4 Qd6 24. Qxe7 Qxe7 25. Rxe7 Nd6 26. Bh3 Rfe8 27. Be6+ Kf8 28.
Rc7 Re7 29. Nab5 Rxc7 30. Nxc7 Rb8 31. Be3 h6 32. Ndb5 Nxb5 33. Nxb5 f5 34. Bc5+
Kg7 35. Nxa7 Na4 36. Bd6 Ra8 37. Nb5 Nxb2 38. Nc3 Nxd1 39. Nxd1 Kg6 40. Be7 c3
41. g4 c2 42. gxf5+ Kh7 43. Ne3 c1=Q+ 44. Kh2 Be5+ 0-1

[Event "Women's Speed Chess Q8"]
[Site "chess.com INT"]
[Date "2021.06.06"]
[Round "8"]
[White "Mohota, Nisha"]
[Black "Fominykh, Maria"]
[Result "0-1"]
[WhiteTitle "IM"]
[BlackTitle "WGM"]
[WhiteElo "2195"]
[BlackElo "2206"]
[WhiteFideId "5004330"]
[BlackFideId "4142411"]
[EventDate "2021.06.06"]

1. d4 d6 2. Nf3 Nf6 3. g3 g6 4. Bg2 Bg7 5. O-O O-O 6. a4 a5 7. Re1 c6 8. e4 Bg4
9. h3 Bxf3 10. Bxf3 e5 11. c3 Nbd7 12. Nd2 Qc7 13. Nc4 Rad8 14. Bg5 h6 15. Bd2
Nh7 16. Qc1 h5 17. dxe5 dxe5 18. h4 Nc5 19. Qc2 Rfe8 20. Be3 Bf8 21. Red1 Rxd1+
22. Rxd1 Nf6 23. b4 axb4 24. cxb4 Ne6 25. Bb6 Qb8 26. Qb2 Bg7 27. Nd6 Rf8 28. a5
Nd7 29. Be3 Nd4 30. Bxd4 exd4 31. Nc4 Ne5 32. Nxe5 Bxe5 33. Rd3 Qd6 34. Bd1 c5
35. bxc5 Qxc5 36. Qxb7 Qxa5 37. Qd5 Qxd5 38. exd5 Rc8 39. Bb3 Kf8 40. Kg2 Ke7
41. f4 Bf6 42. Kf3 Kd6 43. Rd1 Rc3+ 44. Ke4 Rxb3 45. Ra1 Re3# 0-1

[Event "Women's Speed Chess Q8"]
[Site "chess.com INT"]
[Date "2021.06.06"]
[Round "8"]
[White "Gaponenko, Inna"]
[Black "Buksa, Nataliya"]
[Result "1/2-1/2"]
[WhiteTitle "IM"]
[BlackTitle "IM"]
[WhiteElo "2357"]
[BlackElo "2413"]
[WhiteFideId "14101181"]
[BlackFideId "14123622"]
[EventDate "2021.06.06"]

1. e4 c5 2. Nf3 Nc6 3. d4 cxd4 4. Nxd4 Nf6 5. Nc3 e5 6. Ndb5 d6 7. Bg5 a6 8. Na3
b5 9. Nd5 Be7 10. Bxf6 Bxf6 11. c3 Rb8 12. Nc2 Bg5 13. a4 bxa4 14. Ncb4 Nxb4 15.
Nxb4 Bd7 16. Bxa6 Qa5 17. Qxd6 Rb6 18. Qd3 O-O 19. Qxd7 Rxb4 20. cxb4 Qxa6 21.
Rd1 Qc4 22. Qd3 Qxb4+ 23. Qc3 Qxe4+ 24. Kf1 Bf4 25. h4 h5 26. Rh3 Rb8 27. Rhd3
Kh7 28. Rd7 Rb3 29. Qe1 Qc4+ 30. Kg1 Rxb2 31. Ra7 Rc2 32. Ra1 Re2 33. Qf1 Bd2
34. R7xa4 Qxa4 35. Rxa4 Re1 36. Qxe1 Bxe1 37. Re4 Bc3 38. f4 f5 39. Rc4 Bd4+ 40.
Kf1 Kg6 41. fxe5 Bxe5 42. Ke2 Bg3 43. Kf3 Be1 44. g3 Bd2 45. Rc6+ Kf7 46. Rd6
Bc1 47. Rc6 Bd2 48. Rd6 Bc1 49. Rc6 Bd2 1/2-1/2

[Event "Women's Speed Chess Q8"]
[Site "chess.com INT"]
[Date "2021.06.06"]
[Round "8"]
[White "Antolak, Julia"]
[Black "Zhuravleva, Olga"]
[Result "1-0"]
[WhiteTitle "WIM"]
[BlackTitle "WIM"]
[WhiteElo "2309"]
[BlackElo "2278"]
[WhiteFideId "1159569"]
[BlackFideId "4145933"]
[EventDate "2021.06.06"]

1. e4 e5 2. Nf3 Nc6 3. Bb5 f5 4. Nc3 Nf6 5. Qe2 Bc5 6. d3 Nd4 7. Nxd4 Bxd4 8.
Bc4 f4 9. Bd2 d6 10. g3 fxg3 11. hxg3 c6 12. O-O-O Qb6 13. Bb3 Bd7 14. Rdf1
O-O-O 15. f4 Bg4 16. Qg2 h5 17. Kb1 Kb8 18. f5 a5 19. a4 Ka8 20. Ne2 Bxe2 21.
Qxe2 Nd7 22. Qe1 Nc5 23. Bxa5 Qa7 24. Bxd8 Rxd8 25. Rxh5 Qb6 26. Qd1 Nxa4 27. c3
Bxc3 28. Kc2 Bd4 29. Qa1 Qc5+ 30. Kd1 Bxb2 31. Qxa4+ Kb8 32. Qc4 Qe3 33. Rh2 Bd4
34. Re2 Qxg3 35. Kc2 Qh3 36. Rb1 Kc7 37. Ba4 Ra8 38. Qb3 b6 39. Qf7+ Kc8 40.
Qe8+ Kb7 41. Qxc6+ Ka7 42. Qc7+ Ka6 43. Bc6 1-0

[Event "Women's Speed Chess Q8"]
[Site "chess.com INT"]
[Date "2021.06.06"]
[Round "8"]
[White "Kanyamarala, Trisha"]
[Black "Ouellet, Maili-Jade"]
[Result "0-1"]
[WhiteTitle "WIM"]
[BlackTitle "WGM"]
[WhiteElo "2180"]
[BlackElo "2257"]
[WhiteFideId "45004722"]
[BlackFideId "2620472"]
[EventDate "2021.06.06"]

1. e4 c5 2. Nf3 d6 3. d4 cxd4 4. Qxd4 a6 5. c4 Nc6 6. Qd1 g6 7. Nc3 Bg7 8. Be2
Nf6 9. O-O O-O 10. h3 Rb8 11. Be3 Nd7 12. Rb1 Nc5 13. Qc2 Nb4 14. Qd2 Be6 15.
Bh6 Qc8 16. Nd5 Bxd5 17. Bxg7 Kxg7 18. exd5 a5 19. a3 Nba6 20. b4 axb4 21. axb4
Ne4 22. Qd4+ Nf6 23. Rfc1 Qd7 24. Bd3 Rfc8 25. Re1 Nc7 26. Ng5 Re8 27. b5 e5 28.
dxe6 Nxe6 29. Nxe6+ Rxe6 30. Bc2 Qe7 31. Rxe6 Qxe6 32. Rd1 Rc8 33. Bb3 Rd8 34.
Qd3 Qe5 35. Qd4 Qe6 36. Qc3 Qc8 37. Qd3 Kg8 38. Qd4 Ne8 39. Re1 Ng7 40. Qd3 Ne6
41. Qd5 Nc5 42. Bc2 Re8 43. Rd1 Re6 44. Qd2 Qc7 45. Qd4 Qa5 46. Qd5 Qa2 47. Bd3
Qb2 48. Bf1 Qc3 0-1

[Event "Women's Speed Chess Q8"]
[Site "chess.com INT"]
[Date "2021.06.06"]
[Round "8"]
[White "Zaksaite, Salomeja"]
[Black "Petrova, Irina"]
[Result "1/2-1/2"]
[WhiteTitle "WIM"]
[BlackTitle "WIM"]
[WhiteElo "2202"]
[BlackElo "2110"]
[WhiteFideId "12801496"]
[BlackFideId "14124122"]
[EventDate "2021.06.06"]

1. e4 d6 2. d4 Nf6 3. Nc3 e5 4. Nf3 Nbd7 5. Bc4 Be7 6. O-O O-O 7. a4 c6 8. Ba2
h6 9. h3 Re8 10. Re1 Bf8 11. b4 exd4 12. Nxd4 d5 13. exd5 Bxb4 14. Rxe8+ Qxe8
15. Bb2 Bxc3 16. Bxc3 cxd5 17. Nf5 Qe6 18. g4 Nb6 19. Qf3 Kh7 20. Re1 Qc6 21.
Re7 Bxf5 22. Qxf5+ Kg8 23. Bxf6 Qxf6 24. Qxf6 gxf6 25. Rxb7 Rc8 26. a5 Rxc2 27.
axb6 Rxa2 28. Rxa7 Rb2 29. b7 Kg7 30. Kf1 d4 31. Ke1 d3 32. Kd1 Kg6 33. Ke1 h5
34. gxh5+ Kxh5 35. b8=Q Rxb8 36. Rxf7 Kg6 37. Rd7 d2+ 38. Kxd2 Rb2+ 39. Ke3 Rb3+
40. Rd3 Rb5 41. Kf3 Rf5+ 42. Kg3 Rg5+ 43. Kh4 Rh5+ 44. Kg3 Rg5+ 45. Kh2 Rf5 46.
Kg2 Kh5 47. Rd4 Rg5+ 48. Kf3 Ra5 49. Rf4 Kg6 50. Kg4 Ra1 51. h4 Rg1+ 52. Kf3 Rh1
53. Rg4+ Kh6 54. Kg2 Ra1 55. f3 1/2-1/2

[Event "Women's Speed Chess Q8"]
[Site "chess.com INT"]
[Date "2021.06.06"]
[Round "8"]
[White "Cyfka, Karina"]
[Black "Gevorgyan, Maria"]
[Result "1-0"]
[WhiteTitle "IM"]
[BlackTitle "WGM"]
[WhiteElo "2417"]
[BlackElo "2219"]
[WhiteFideId "1122681"]
[BlackFideId "13300270"]
[EventDate "2021.06.06"]

1. d4 Nf6 2. c4 c5 3. d5 e6 4. Nc3 exd5 5. cxd5 d6 6. Nf3 g6 7. Nd2 Bg7 8. Nc4
O-O 9. Bf4 Ne8 10. Qd2 a6 11. a4 Bf5 12. e3 b6 13. Be2 Ra7 14. O-O Rb7 15. h3 g5
16. Bh2 h6 17. f4 Qe7 18. g4 Bc8 19. f5 Nd7 20. Bf3 Ne5 21. Nxe5 Bxe5 22. Ne4
Nf6 23. Nxf6+ Qxf6 24. Ra2 Re8 25. Re1 Rbe7 26. Bxe5 Qxe5 27. Kg2 Bb7 28. Ra3 b5
29. axb5 axb5 30. Ra5 b4 31. Raa1 Qf6 32. Rad1 Re5 33. Qd3 Ra8 34. Qb5 Qe7 35.
e4 Ra2 36. Rd2 Bxd5 37. Qb8+ Kg7 38. Ree2 Bxe4 39. Qxd6 Bxf3+ 40. Kxf3 Qb7+ 41.
Kg3 Rxe2 42. Rxe2 Ra1 43. Qe5+ Kh7 44. f6 Rg1+ 45. Kf2 Qg2+ 46. Ke3 Qxh3+ 47.
Kd2 Qxg4 48. Qxc5 Qd7+ 49. Ke3 Qe6+ 50. Kf2 Qg4 51. Qc2+ Kg8 52. Re8# 1-0

[Event "Women's Speed Chess Q8"]
[Site "chess.com INT"]
[Date "2021.06.06"]
[Round "8"]
[White "Maltsevskaya, Aleksandra"]
[Black "Pourkashiyan, Atousa"]
[Result "1-0"]
[WhiteTitle "WGM"]
[BlackTitle "WGM"]
[WhiteElo "2390"]
[BlackElo "2322"]
[WhiteFideId "24174041"]
[BlackFideId "12502014"]
[EventDate "2021.06.06"]

1. Nf3 d5 2. g3 c6 3. d3 Nf6 4. Nbd2 Bg4 5. Bg2 Nbd7 6. O-O e6 7. h3 Bh5 8. e4
Bxf3 9. Qxf3 Be7 10. Rd1 O-O 11. Qe2 a5 12. Nf3 a4 13. a3 dxe4 14. dxe4 Qc7 15.
g4 Ne5 16. Nxe5 Qxe5 17. f4 Qc7 18. g5 Nd7 19. e5 Nb6 20. Be4 Rad8 21. Be3 Nd5
22. Kg2 Nxe3+ 23. Qxe3 Rd7 24. Bd3 Rfd8 25. Qe4 g6 26. h4 Qb6 27. Rab1 Qd4 28.
Qf3 Bc5 29. h5 Qe3 30. hxg6 Qxf3+ 31. Kxf3 hxg6 32. Rh1 Kg7 33. Rh6 Rh8 34. Rxh8
Kxh8 35. b4 axb3 36. Rxb3 b5 37. Rc3 Be7 38. Rxc6 Bxa3 39. Bxb5 Rd2 40. c4 Kg7
41. Rc7 Rc2 42. Be8 Rc3+ 43. Ke2 Bc1 44. Rxf7+ Kg8 45. Rf6 Rxc4 46. Bf7+ Kg7 47.
Bxg6 Rxf4 48. Rxe6 Rg4 49. Bd3 Bxg5 50. Rg6+ Kf7 51. e6+ Ke7 52. Bf5 Rg3 53. Kf2 1-0

[Event "Women's Speed Chess Q8"]
[Site "chess.com INT"]
[Date "2021.06.06"]
[Round "8"]
[White "Kulkarni, Bhakti"]
[Black "Bivol, Alina"]
[Result "1/2-1/2"]
[WhiteTitle "IM"]
[BlackTitle "WGM"]
[WhiteElo "2391"]
[BlackElo "2374"]
[WhiteFideId "5019516"]
[BlackFideId "4100123"]
[EventDate "2021.06.06"]

1. d4 Nf6 2. Nf3 g6 3. g3 b6 4. Bg2 Bb7 5. O-O Bg7 6. c4 O-O 7. Nc3 d5 8. cxd5
Nxd5 9. Re1 Nxc3 10. bxc3 c5 11. e4 Nc6 12. Be3 Rc8 13. e5 Na5 14. Qe2 Bd5 15.
Red1 e6 16. Bg5 Qc7 17. Nd2 Bxg2 18. Kxg2 cxd4 19. cxd4 Nc4 20. Ne4 h6 21. Bf4
Qb7 22. h4 Qd5 23. Kh2 Na3 24. Bxh6 Nc2 25. Rac1 Nxd4 26. Rxc8 Rxc8 27. Qd3 Nf5
28. Bxg7 Qxd3 29. Rxd3 Kxg7 30. Rd7 a5 31. Rb7 Rc2 32. g4 Nd4 33. Kg2 Nc6 34.
Rc7 Nd4 35. Rb7 Re2 36. Ng5 Rxe5 37. Rxf7+ Kg8 38. Rb7 b5 39. f4 Rc5 40. h5 gxh5
41. gxh5 Ne2 42. h6 Nxf4+ 43. Kf3 Rxg5 44. Kxf4 Rh5 45. h7+ Kh8 46. Ra7 a4 47.
Rb7 Rxh7 48. Rxb5 Rh2 49. Ke5 Re2+ 50. Kd6 Rxa2 51. Kxe6 Kg7 52. Kd5 1/2-1/2

[Event "Women's Speed Chess Q8"]
[Site "chess.com INT"]
[Date "2021.06.06"]
[Round "8"]
[White "Papp, Petra"]
[Black "Bulmaga, Irina"]
[Result "1/2-1/2"]
[WhiteTitle "WGM"]
[BlackTitle "IM"]
[WhiteElo "2336"]
[BlackElo "2440"]
[WhiteFideId "739049"]
[BlackFideId "13903063"]
[EventDate "2021.06.06"]

1. e4 c5 2. d4 cxd4 3. Nf3 Nc6 4. Nxd4 d6 5. c4 e5 6. Nc2 Nf6 7. Nc3 Be7 8. Be2
Be6 9. O-O O-O 10. Be3 Rc8 11. Qd2 a6 12. f3 Nd7 13. b3 f5 14. exf5 Bxf5 15. Bd3
Be6 16. Rad1 Qe8 17. Be4 Nf6 18. Bd5 Bxd5 19. Nxd5 Nxd5 20. Qxd5+ Qf7 21. Qxf7+
Kxf7 22. Kf2 b5 23. Na3 bxc4 24. Nxc4 Ke6 25. Nb6 Rb8 26. Nd5 Nb4 27. Nxb4 Rxb4
28. Ke2 d5 29. Rc1 d4 30. Bd2 Rb6 31. Kd3 Bd6 32. Rc4 Kd5 33. Rfc1 h6 34. Ba5
Rb5 35. Bc7 Bb4 36. Rc6 a5 37. R1c4 Rf6 38. Rxf6 gxf6 39. g4 Rb7 40. Bd8 a4 41.
h4 axb3 42. axb3 Bc5 43. b4 Bxb4 44. Bxf6 Bd6 45. Ra4 Rf7 46. g5 hxg5 47. hxg5
Ke6 48. Ke4 Rxf6 49. gxf6 Kxf6 50. Kd5 Bf8 51. Ra8 Bg7 52. Ke4 Kg5 53. Rg8 Kf6
54. Ra8 Kg6 55. Ra7 Bf6 56. Ra6 Kg5 57. Ra8 Bg7 58. Rg8 Kg6 59. Ra8 Kg5 1/2-1/2

[Event "Women's Speed Chess Q8"]
[Site "chess.com INT"]
[Date "2021.06.06"]
[Round "8"]
[White "Komiagina, Maria"]
[Black "Klinova, Masha"]
[Result "1-0"]
[WhiteTitle "WIM"]
[BlackTitle "IM"]
[WhiteElo "2241"]
[BlackElo "2275"]
[WhiteFideId "4153987"]
[BlackFideId "2802015"]
[EventDate "2021.06.06"]

1. e4 d6 2. d4 Nf6 3. Nc3 g6 4. h3 Bg7 5. Be3 O-O 6. Qd2 Nc6 7. O-O-O e5 8. d5
Ne7 9. Bh6 a6 10. Bxg7 Kxg7 11. g4 b5 12. Bg2 Bd7 13. f4 exf4 14. Qxf4 Neg8 15.
Nf3 Qe7 16. a3 a5 17. Rhe1 Rfe8 18. e5 dxe5 19. Nxe5 b4 20. Nb1 Qf8 21. g5 Nh5
22. Qd4 Rxe5 23. Qxe5+ f6 24. gxf6+ Ngxf6 25. Qd4 Qd6 26. Bf3 Nf4 27. Bg4 Bxg4
28. hxg4 g5 29. Re5 h6 30. Qe3 Rf8 31. axb4 axb4 32. Re7+ Rf7 33. Rxf7+ Kxf7 34.
Nd2 N6xd5 35. Qd4 c5 36. Qe4 Qa6 37. Kb1 Qe6 38. Qxe6+ Kxe6 39. Ne4 c4 40. Nc5+
Ke5 41. Na6 b3 42. Rh1 bxc2+ 43. Kxc2 Ne3+ 44. Kc3 Nxg4 45. Kxc4 Ne6 46. Nc5
Nxc5 47. Kxc5 Kf5 48. b4 Kg6 49. b5 Nf6 50. b6 Nd7+ 51. Kc6 Nxb6 52. Kxb6 h5 53.
Kc5 h4 54. Kd4 Kf5 55. Ke3 Kg4 56. Kf2 Kf4 57. Kg2 Kg4 58. Re1 h3+ 59. Kh2 Kh4
60. Re4+ g4 61. Rd4 Kh5 62. Kg3 h2 63. Kxh2 Kh4 64. Kg2 Kg5 65. Kg3 Kf5 66. Rxg4 1-0

[Event "Women's Speed Chess Q8"]
[Site "chess.com INT"]
[Date "2021.06.06"]
[Round "8"]
[White "Priyanka, K"]
[Black "Matveeva, Olga"]
[Result "0-1"]
[WhiteTitle "WIM"]
[BlackTitle "WIM"]
[WhiteElo "2218"]
[BlackElo "2145"]
[WhiteFideId "5082986"]
[BlackFideId "24107018"]
[EventDate "2021.06.06"]

1. e4 e6 2. d4 d5 3. Nc3 Nf6 4. Bg5 Bb4 5. e5 h6 6. Bc1 Ne4 7. Qg4 g6 8. a3
Bxc3+ 9. bxc3 c5 10. Bd3 cxd4 11. Ne2 Nc6 12. cxd4 Qa5+ 13. Kf1 h5 14. Qf4 g5
15. Qe3 Rg8 16. Bxe4 dxe4 17. Qxe4 Bd7 18. Qd3 O-O-O 19. Bd2 Qb6 20. Qb3 Qxb3
21. cxb3 Ne7 22. Bb4 Nf5 23. h3 Bb5 24. Bc3 Nxd4 25. Bxd4 Rxd4 26. a4 Ba6 27.
Ke1 Re4 28. Ra2 Rd8 29. f3 Re3 30. Kf2 Rxb3 31. Rc1+ Kb8 32. Nc3 Rc8 33. Ne2
Rxc1 34. Nxc1 Rb1 35. Ne2 Bxe2 36. Kxe2 Kc7 37. Ke3 Kc6 38. f4 g4 39. hxg4 hxg4
40. Kf2 Rb3 41. Rd2 Ra3 42. Rd6+ Kc5 43. Rd7 Rxa4 44. Rxf7 b5 45. Kg3 b4 46.
Kxg4 b3 47. Rc7+ Kb6 48. Rc8 Rb4 49. Rc1 b2 50. Rb1 a5 51. Kg5 a4 52. g4 a3 53.
f5 exf5 54. gxf5 a2 55. Rd1 b1=Q 56. Rxb1 axb1=Q 57. e6 Qg1+ 58. Kf6 Qd4+ 59.
Kf7 Rb5 60. f6 Rf5 61. e7 Qxf6+ 62. Kg8 Rg5+ 63. Kh7 Qg7# 0-1

[Event "Women's Speed Chess Q8"]
[Site "chess.com INT"]
[Date "2021.06.06"]
[Round "8"]
[White "Hng, Mei-En Emmanuelle"]
[Black "February, Jesse Nikki"]
[Result "0-1"]
[WhiteTitle "WFM"]
[BlackTitle "WIM"]
[WhiteElo "2013"]
[BlackElo "1863"]
[WhiteFideId "5804566"]
[BlackFideId "14312336"]
[EventDate "2021.06.06"]

1. e4 e6 2. d3 d5 3. Qe2 Be7 4. Nf3 c5 5. g3 Nc6 6. Bg2 dxe4 7. dxe4 Nf6 8. O-O
Nd4 9. Nxd4 Qxd4 10. Rd1 Qb4 11. a3 Qb6 12. Nc3 O-O 13. e5 Nd7 14. Rb1 a6 15.
Be3 Qc7 16. Bf4 Rb8 17. Ne4 b5 18. Nd6 Bxd6 19. exd6 Qb6 20. Rd3 Bb7 21. Be4
Bxe4 22. Qxe4 c4 23. Rd2 Rbd8 24. Rbd1 Nf6 25. Qe5 Nd5 26. Rxd5 exd5 27. Qxd5
Rd7 28. Be3 Qd8 29. Rd4 Qa8 30. Qf5 Rfd8 31. Qe5 Qc6 32. Rg4 f6 33. Qe6+ Kh8 34.
Bf4 Rxd6 35. Bxd6 Qxd6 36. Qxd6 Rxd6 37. Re4 Kg8 38. Re8+ Kf7 39. Ra8 h5 40. Kg2
g5 41. Kf3 Rd2 42. Rxa6 Rxc2 43. Ra7+ Kg6 44. a4 Rxb2 45. axb5 Rxb5 46. Rc7 Rb4
47. Ke4 c3+ 48. Kd3 Rb3 49. Rxc3 Rxc3+ 50. Kxc3 Kf5 51. Kd2 Kg4 52. Ke3 Kh3 53.
f4 gxf4+ 54. Kxf4 Kxh2 55. Kf3 Kh3 56. Kf4 f5 57. Kf3 Kh2 58. Kf4 Kg2 59. Kxf5
Kxg3 60. Kg5 h4 61. Kf5 h3 62. Ke4 h2 63. Ke3 h1=Q 64. Kd3 Qf1+ 65. Kd4 Qe1 0-1

[Event "Women's Speed Chess Q8"]
[Site "chess.com INT"]
[Date "2021.06.06"]
[Round "8"]
[White "Antonova, Nadezhda"]
[Black "Dong, Khanh Linh"]
[Result "1/2-1/2"]
[WhiteTitle "WFM"]
[BlackTitle "WCM"]
[WhiteElo "1877"]
[BlackElo "1970"]
[WhiteFideId "14700182"]
[BlackFideId "12403040"]
[EventDate "2021.06.06"]

1. b3 b6 2. Bb2 Bb7 3. Nf3 c5 4. g3 Nf6 5. Bg2 Nc6 6. O-O e6 7. c4 Be7 8. Nc3
O-O 9. e3 d5 10. d4 Rc8 11. Rc1 cxd4 12. Nxd4 Na5 13. cxd5 Nxd5 14. Nxd5 Bxd5
15. Rxc8 Qxc8 16. Bxd5 exd5 17. Qd3 Bf6 18. Rc1 Qd7 19. Qc2 Nb7 20. Qc7 Rd8 21.
Qxd7 Rxd7 22. Rc8+ Rd8 23. Rc7 Nc5 24. Rxa7 Nd3 25. Bc3 h6 26. Rc7 Ra8 27. a4
Nc5 28. a5 Na6 29. Rc6 bxa5 30. Bxa5 Kh7 31. Bc3 Ra7 32. Nb5 Ra8 33. Bxf6 gxf6
34. Rxf6 Kg7 35. Rd6 Nb4 36. Nd4 Ra1+ 37. Kg2 Ra2 38. Kf3 Nd3 39. Rxd5 Rxf2+ 40.
Ke4 Nb4 41. Rb5 Na6 42. h4 Nc7 43. Rb7 Ne8 44. Nf5+ Rxf5 45. Kxf5 Nd6+ 46. Ke5
Nxb7 47. g4 f6+ 48. Kf5 Kf7 49. g5 fxg5 50. hxg5 hxg5 51. Kxg5 Ke6 52. Kf4 Nd6
53. e4 Nb5 54. b4 Nc3 55. Ke3 Ke5 56. Kd3 Nxe4 57. Kc4 Nd6+ 58. Kc5 Ke6 59. Kc6
Ke5 60. b5 Nxb5 1/2-1/2

[Event "Women's Speed Chess Q8"]
[Site "chess.com INT"]
[Date "2021.06.06"]
[Round "8"]
[White "Kulon, Klaudia"]
[Black "Socko, Monika"]
[Result "1-0"]
[WhiteTitle "IM"]
[BlackTitle "GM"]
[WhiteElo "2363"]
[BlackElo "2393"]
[WhiteFideId "1131044"]
[BlackFideId "1106619"]
[EventDate "2021.06.06"]

1. c4 g6 2. g3 Bg7 3. Bg2 d6 4. Nc3 Nf6 5. e3 O-O 6. Nge2 c5 7. O-O e5 8. h3 Nc6
9. d3 Be6 10. Nd5 Qd7 11. Kh2 Ne7 12. Nec3 Bxd5 13. cxd5 Ne8 14. e4 f5 15. a4 f4
16. h4 Nf6 17. Bh3 Qe8 18. Be6+ Kh8 19. gxf4 Nh5 20. f5 gxf5 21. Bg5 Nf4 22.
Bxf4 exf4 23. Rg1 Rf6 24. Rxg7 Kxg7 25. Qf3 Rh6 26. Rg1+ Ng6 27. Qxf4 Qe7 28.
Rg5 fxe4 29. dxe4 Rf8 30. Qg3 Qf6 31. Kg1 Kh8 32. h5 Ne7 33. Nb5 Qxb2 34. Nxd6
Rhf6 35. Nf5 Qb1+ 36. Kh2 Qxe4 37. Rg4 Qc2 38. Rc4 Nxf5 39. Rxc2 Nxg3 40. Kxg3
Rf3+ 41. Kg2 c4 42. d6 Rd3 43. d7 c3 44. Bg4 Rd4 45. f3 Kg7 46. Rxc3 Kf6 47. Rc8
Ke7 48. Rc7 Rd8 49. Rxb7 Rxa4 50. Rb5 Ra2+ 51. Kg3 a5 52. Rg5 Kd6 53. Rg7 a4 54.
Rxh7 a3 55. Rh6+ Kc7 56. Ra6 Kb7 57. Ra4 Kb6 58. h6 Kb5 59. Ra7 Kb4 60. h7 Rd2
61. Kf4 Kb3 62. Kg5 a2 63. Be6+ Kb4 64. Bxa2 Rg2+ 65. Kf4 Rh2 66. Bg8 Kc5 67.
Kf5 Kd6 68. f4 Ke7 69. Kg6 Rg2+ 70. Kf5 Rh2 71. Kg4 1-0

[Event "Women's Speed Chess Q8"]
[Site "chess.com INT"]
[Date "2021.06.06"]
[Round "8"]
[White "Padmini, Rout"]
[Black "Varshini, V"]
[Result "1-0"]
[WhiteTitle "IM"]
[BlackTitle "WGM"]
[WhiteElo "2370"]
[BlackElo "2226"]
[WhiteFideId "5029295"]
[BlackFideId "5091241"]
[EventDate "2021.06.06"]

1. Nf3 d5 2. g3 e6 3. Bg2 Nf6 4. O-O Be7 5. d3 O-O 6. Nbd2 b6 7. e4 Bb7 8. Qe2
c5 9. Re1 Nc6 10. h4 Qc7 11. Nf1 Rfd8 12. N1h2 Rac8 13. e5 Nd7 14. h5 h6 15. Ng4
Bf8 16. c3 b5 17. a3 a5 18. Bf4 b4 19. axb4 axb4 20. d4 cxd4 21. cxd4 Na5 22.
Nd2 Qb6 23. b3 Nc6 24. Nf3 Nxd4 25. Nxd4 Qxd4 26. Be3 Qc3 27. Ra7 Bc6 28. Rc1
Qxb3 29. Qa6 Nc5 30. Bxc5 Bxc5 31. Rxc5 Qd1+ 32. Bf1 b3 33. Rxc6 Rxc6 34. Qxc6
b2 35. Qc7 Rf8 36. Rb7 b1=Q 37. Rxb1 Qxb1 38. Qd6 Qf5 39. Ne3 Qe4 40. Bg2 Qd4
41. Kh2 Qd2 42. Ng4 Qg5 43. Bh3 Qxh5 44. f4 Qg6 45. Nf2 Qc2 46. Kg2 Qd2 47. f5
exf5 48. Bxf5 d4 49. e6 fxe6 50. Qxe6+ Kh8 51. Qg6 Rxf5 52. Qxf5 Qe3 53. Qf8+
Kh7 54. Qf5+ Kh8 55. Qd3 Qe5 56. Kf3 Qd5+ 57. Ke2 Qe5+ 58. Ne4 Qh5+ 59. Kd2 Qe5
60. Kc2 Qc7+ 61. Kb3 Qe5 62. Kc4 Qc7+ 63. Kxd4 Qd7+ 64. Ke3 Qg4 65. Qd8+ Kh7 66.
Qd3 Kh8 67. Kf2 Qf5+ 68. Kg2 Qe6 69. Nf2 Qf7 70. Qf3 Kh7 71. Qxf7 1-0